The Kyoto protocol and the Indian natural rubber sector (Record no. 70816)

MARC details
000 -LEADER
fixed length control field 00404nam a2200157Ia 4500
100 ## - MAIN ENTRY--AUTHOR NAME
Personal name Jacob J
245 #4 - TITLE STATEMENT
Title The Kyoto protocol and the Indian natural rubber sector
260 ## - PUBLICATION, DISTRIBUTION, ETC. (IMPRINT)
Name of publisher Planters Chronicle
Year of publication 2007
300 ## - PHYSICAL DESCRIPTION
Number of Pages 12-Jul
520 ## - SUMMARY, ETC.
Summary, etc Rubber Alerts 2007(3)
650 ## - SUBJECT ADDED ENTRY--TOPICAL TERM
Topical Term India
650 ## - SUBJECT ADDED ENTRY--TOPICAL TERM
Topical Term Kyoto protocol
650 ## - SUBJECT ADDED ENTRY--TOPICAL TERM
Topical Term NR sector
942 ## - ADDED ENTRY ELEMENTS (KOHA)
Koha item type Journals
Holdings
Withdrawn status Lost status Damaged status Not for loan Home library Current library Shelving location Date acquired Serial Enumeration / chronology Koha item type
      Journals RRII Library RRII Library Plant physiology 20/08/2007 Volume 103, Issue 6 Journals